01396nac a22002771u 4500010001500000020001500015082001800030090001300048100003400061245010500095246003800200260005000238300006000288500019900348500002000547538015200567650003300719650002900752700002100781700002500802740003500827942002000862999001300882952010500895952011801000 a2003064850 a073561985900a005.54bF9481 c533d533 aFrye, Curtis, 10aMicrosoft Office Excel 2003 programming inside out /cCurtis Frye, Wayne Freeze, Felicia Buckingham.30aExcel 2003 programming inside out aRedmond, Wash. :bMicrosoft Press,2004c2004. axxvi, 594 p. :bill. ;c24 cm. +e1 CD-ROM (4 3/4 in.) aCD-ROM includes complete ebook in PDF format, catalog of Excel resources with links to third-party tools and demos, Microsoft resources and demos, and free Microsoft comptuer dictionary, 5th ed. aIncludes index. aSystem requirements: Pentium 266-MHz or higher processor; Microsoft Windows XP or later or Windows 2000 Professional with Service Pack 3 or later. 0aBusinessxComputer programs. 0aElectronic spreadsheets.1 aFreeze, Wayne S.1 aBuckingham, Felicia.02aMicrosoft computer dictionary. cBBk005.54F9481 c533d533 00104070aMAINbMAINcLOWd2006-07-17ePurchasel2o005.54 FRYp000004086r2025-07-15 00:00:00yBB 00102ddc40708 aMAINbMAINcLOWd2012-04-24epurchasel0o005.54 FRYp000026668r2022-08-24 00:00:00yCDVDWBB